LEADER 00629naa a2200157 i 4500 001 000000296427 003 CaOOAMICUS 005 20180831172545.0 008 180831n xx u000 u und u 013 $a3877 040 $aSeMil$bita 100 1 $aValsecchi, Ambrogio,$d<1930-1983>.$0(OLS)http://semarc/name/177 245 13$aLa teologia morale e i problemi dell'aborto. 650 4$aAborto.$0(OLS)http://semarc/subject/5781 773 0 $aBabbini, Leone$tAborto questione aperta.$dTorino : Gribaudi, copyr. 1973.$kOpinione religiosa in Italia$w()49488 996 $6245$aLa teologia morale e i problemi dell'aborto$9(OLS)http://semarc/title/372482 LEADER 00526naa a2200145 i 4500 001 000000303390 003 CaOOAMICUS 005 20180831172759.0 008 180831n xx u000 u und u 013 $a11171 040 $aSeMil$bita 100 1 $aBenvenuto, Edoardo <1940-1998>.$0(OLS)http://semarc/name/21655 245 13$aLa libertà del pensiero. 773 0 $tLibertà nella Chiesa.$dBologna : EDB, copyr. 1991.$kNuovi saggi teologici $z88-10-40532-5$w()38325 996 $6245$aLa libertà del pensiero$9(OLS)http://semarc/title/379360